000 00313nam a2200121Ia 4500
008 220204s9999 xx 000 0 und d
082 _a581.1
_bMAL
100 _aC P
245 0 _aAdvances in plant reproductive physiology
260 _aNew Delhi
_bKalyani
_c1978
650 _aReproductive physiology
942 _cBK
999 _c28652
_d28652